000 00231nam a2200097Ia 4500
005 20250424112844.0
008 250424s9999 xx 000 0 und d
300 _av. , 77 p. ; 25 cm.
650 _aMedicine--Periodicals.
942 _cSR
999 _c37525
_d37525